Buddhism of Tibet Or Lamaism (Record no. 4579)

MARC details
000 -LEADER
fixed length control field 00599nam a2200241 a 4500
020 ## - INTERNATIONAL STANDARD BOOK NUMBER
ISBN
082 00 - DEWEY DECIMAL CLASSIFICATION NUMBER
Classification number 294.3923
Author Cutter WAD
100 ## - MAIN ENTRY--AUTHOR NAME
Author name Waddell, L Austine
245 ## - TITLE STATEMENT
Title Buddhism of Tibet Or Lamaism
260 ## - PUBLICATION, DISTRIBUTION, ETC. (IMPRINT)
Place of publication London
Name of publisher W H Allen and Co. Limited
Year of publication 1895
300 ## - PHYSICAL DESCRIPTION
Number of Pages 598p
500 ## - GENERAL NOTE
General note includes index and biblioraphy
505 2# - FORMATTED CONTENTS NOTE
Formatted contents note index, appendix
650 ## - SUBJECT ADDED ENTRY--TOPICAL TERM
Topical Term Buddhism-Tibet
942 ## - ADDED ENTRY ELEMENTS (KOHA)
Koha item type Books
700 1# -
-- Waddell, L Austine
Holdings
Collection code Home library Current library Date acquired Cost, normal purchase price Full call number Accession Number Koha item type
  Henry Martyn Institute Library Henry Martyn Institute Library 07/20/2007 100.00 294.3923 WAD 09316 Books
                   Copyright © 2026 | Henry Martyn Institute | Hyderabad | TS-500052 | INDIA | Implemented by hmi.edu.in
Hit-Count:

Powered by Koha